[Event "Quebec-ch Seniors 50+"]
[Site "Montreal"]
[Date "2019.04.27"]
[Round "2"]
[White "Bedard, Michel"]
[Black "Morin, Louis"]
[Result "0-1"]
[WhiteElo "1606"]
[BlackElo "1865"]
[PlyCount "74"]
[EventDate "2019.04.26"]
[EventType "swiss"]
[EventRounds "5"]
[EventCountry "CAN"]
[SourceTitle "EXT 2022"]
[Source "ChessBase"]
[SourceDate "2021.10.06"]
[SourceVersion "1"]
[SourceVersionDate "2021.10.06"]
[SourceQuality "1"]

1. d4 d5 2. Bf4 e6 3. e3 Bd6 4. Bg3 Nf6 5. Nf3 0-0 6. Bd3 b6 7. Ne5 Nbd7 8. Nd2 Bb7 9. c3 Qe7 10. f4 Rfc8 11. Bh4 Nf8 12. g4 c5 13. g5 Ne4 14. Qg4 Ng6 15. Ndf3 cxd4 16. exd4 Qc7 17. Nxg6 hxg6 18. Ne5 Qe7 19. Bg3 Bxe5 20. Bxe4 Bxd4 21. Bd3 Bxc3+ 22. bxc3 Rxc3 23. Ke2 Rxd3 24. Kxd3 Qa3+ 25. Ke2 Qb2+ 26. Ke1 Qxa1+ 27. Qd1 Qxd1+ 28. Kxd1 d4 29. Re1 Rc8 30. Bf2 Bd5 31. Ke2 Bxa2 32. Ra1 Bb3 33. Rxa7 Rc2+ 34. Ke1 d3 35. Rd7 Re2+ 36. Kf1 Bc4 37. Rd4 Re4 0-1

[Event "Transcontinental Printanier ABCDEF"]
[Site "Montreal"]
[Date "2017.04.01"]
[Round "2"]
[White "Bedard, Michel"]
[Black "Yergeau, Simon"]
[Result "1-0"]
[WhiteElo "1633"]
[BlackElo "1615"]
[PlyCount "99"]
[EventDate "2017.03.31"]
[EventType "swiss"]
[EventRounds "5"]
[EventCountry "CAN"]
[SourceTitle "EXT 2022"]
[Source "ChessBase"]
[SourceDate "2021.10.06"]
[SourceVersion "1"]
[SourceVersionDate "2021.10.06"]
[SourceQuality "1"]

1. f4 d5 2. Nf3 Nf6 3. e3 Bg4 4. Be2 e6 5. b3 Bd6 6. Bb2 c6 7. 0-0 Nbd7 8. d3 Bxf3 9. Bxf3 Qb6 10. Qe2 Bxf4 11. Bd4 Bxh2+ 12. Kxh2 Qc7+ 13. Kg1 0-0-0 14. e4 h5 15. Kf2 dxe4 16. Bxe4 Ng4+ 17. Ke1 Nde5 18. Bf2 Nxf2 19. Qxf2 Rd7 20. Qxa7 Ng4 21. Qa8+ Qb8 22. Qxb8+ Kxb8 23. Ke2 Kc7 24. Nd2 Ra8 25. a4 Rad8 26. Nc4 g6 27. Bf3 Nh2 28. Rh1 Nxf3 29. gxf3 Rd5 30. f4 Rd4 31. Ke3 R4d7 32. Ne5 Re7 33. d4 Rg8 34. Rag1 Rd8 35. b4 Ra8 36. a5 Ra6 37. Ra1 Ra8 38. c4 Kd6 39. Kd3 Ra7 40. c5+ Kc7 41. Nc4 Ra6 42. Nb6 Re8 43. Ke4 Kd8 44. Nc4 Ke7 45. Rhb1 Kf6 46. b5 cxb5 47. Rxb5 Ra7 48. Rab1 Re7 49. Nd6 h4 50. Nc8 1-0

[Event "Montreal Transcontinental ABCDEFG"]
[Site "Montreal"]
[Date "2016.12.11"]
[Round "5"]
[White "Nica, Ion"]
[Black "Bedard, Michel"]
[Result "0-1"]
[WhiteElo "1651"]
[BlackElo "1584"]
[PlyCount "64"]
[EventDate "2016.12.09"]
[EventType "swiss"]
[EventRounds "5"]
[EventCountry "CAN"]
[SourceTitle "EXT 2022"]
[Source "ChessBase"]
[SourceDate "2021.10.06"]
[SourceVersion "1"]
[SourceVersionDate "2021.10.06"]
[SourceQuality "1"]

1. d4 d5 2. e4 dxe4 3. Nc3 c6 4. Nxe4 Nf6 5. Nxf6+ exf6 6. Nf3 Bg4 7. Be2 Bd6 8. 0-0 0-0 9. h3 Bh5 10. Re1 Re8 11. Be3 Nd7 12. Nh4 Bxe2 13. Rxe2 g6 14. Qd2 f5 15. Nxf5 gxf5 16. Rae1 Qf6 17. Bg5 Rxe2 18. Rxe2 Qg6 19. h4 Nf6 20. Qe1 Ne4 21. Bc1 Rf8 22. c4 h6 23. c5 Bb8 24. b4 Kh7 25. f3 Bg3 26. Qf1 Nf6 27. Re7 Qh5 28. Qd3 Kg7 29. Rxb7 Re8 30. Bd2 Qxh4 31. Be3 Qh2+ 32. Kf1 Qh1+ 0-1

[Event "Montreal Transcontinental ABCDEFG"]
[Site "Montreal"]
[Date "2016.12.10"]
[Round "2"]
[White "Sonn, Eric"]
[Black "Bedard, Michel"]
[Result "1/2-1/2"]
[WhiteElo "1565"]
[BlackElo "1584"]
[PlyCount "136"]
[EventDate "2016.12.09"]
[EventType "swiss"]
[EventRounds "5"]
[EventCountry "CAN"]
[SourceTitle "EXT 2022"]
[Source "ChessBase"]
[SourceDate "2021.10.06"]
[SourceVersion "1"]
[SourceVersionDate "2021.10.06"]
[SourceQuality "1"]

1. e4 e5 2. Nf3 Nf6 3. Nxe5 d6 4. Nf3 Nxe4 5. d4 d5 6. Bd3 Be7 7. c4 c6 8. Nc3 Nxc3 9. bxc3 0-0 10. h3 Nd7 11. 0-0 Bf6 12. Bf4 dxc4 13. Bxc4 Nb6 14. Bb3 Nd5 15. Qd2 Qa5 16. c4 Qxd2 17. Bxd2 Nb6 18. Bg5 Bxg5 19. Nxg5 h6 20. Ne4 Rd8 21. Rfd1 Be6 22. Rac1 Rab8 23. Nc5 Kf8 24. Rc3 Nd7 25. Nxe6+ fxe6 26. d5 exd5 27. cxd5 cxd5 28. Rxd5 Nf6 29. Rf5 Rbc8 30. Rcf3 Rd4 31. g4 b6 32. Kg2 Rcd8 33. Rc3 Rd3 34. Rc7 R3d7 35. Rxd7 Rxd7 36. Kg3 Ke7 37. Re5+ Kf8 38. f3 Re7 39. Rf5 Ke8 40. Kf4 Nd7 41. Ba4 Kd8 42. Rd5 Rf7+ 43. Ke4 Kc7 44. Rxd7+ Rxd7 45. Bxd7 Kxd7 46. Kd5 g5 47. Ke5 Ke7 48. Kf5 Kf7 49. f4 gxf4 50. Kxf4 Kf6 51. h4 a6 52. g5+ hxg5+ 53. hxg5+ Kg6 54. Ke5 Kxg5 55. Kd5 Kf6 56. Kc6 b5 57. Kb6 Ke6 58. Kxa6 b4 59. Kb5 Kd6 60. Kxb4 Kc6 61. Ka5 Kb7 62. Kb5 Ka7 63. a3 Kb7 64. a4 Ka7 65. a5 Kb7 66. a6+ Ka7 67. Ka5 Ka8 68. Kb6 Kb8 1/2-1/2

[Event "Montreal Transcontinental ABCDEFG"]
[Site "Montreal"]
[Date "2016.12.09"]
[Round "1"]
[White "Bedard, Michel"]
[Black "Baran, Marius"]
[Result "0-1"]
[WhiteElo "1584"]
[BlackElo "1707"]
[PlyCount "114"]
[EventDate "2016.12.09"]
[EventType "swiss"]
[EventRounds "5"]
[EventCountry "CAN"]
[SourceTitle "EXT 2022"]
[Source "ChessBase"]
[SourceDate "2021.10.06"]
[SourceVersion "1"]
[SourceVersionDate "2021.10.06"]
[SourceQuality "1"]

1. f4 d5 2. Nf3 c5 3. e3 Nc6 4. b3 Nf6 5. Bb2 g6 6. Be2 Bg7 7. 0-0 0-0 8. c3 Qc7 9. d4 b6 10. Na3 a6 11. Nc2 Bf5 12. Rc1 Be4 13. Ng5 h6 14. Nxe4 Nxe4 15. Ne1 e6 16. Bf3 Rad8 17. Ba3 Ne7 18. Qe2 Nf5 19. g4 Nfd6 20. Bg2 Rfe8 21. Nf3 f6 22. Bb2 c4 23. Nd2 Nxd2 24. Qxd2 Qf7 25. Qc2 f5 26. g5 hxg5 27. fxg5 Qe7 28. h4 cxb3 29. axb3 Ne4 30. Bxe4 fxe4 31. Qg2 Rf8 32. Rxf8+ Rxf8 33. Ra1 Rf3 34. Rf1 Rxf1+ 35. Qxf1 b5 36. c4 bxc4 37. bxc4 Qb4 38. Qc1 dxc4 39. Bc3 Qb5 40. Qb2 Qb3 41. Kf2 Qxb2+ 42. Bxb2 Bf8 43. Bc3 Bd6 44. Be1 Kf7 45. Ke2 Ke7 46. Kd1 Bh2 47. Kc2 Bg1 48. Kc3 Bxe3 49. Kxc4 Kd6 50. Bg3+ Kd7 51. Be1 Bg1 52. Bg3 a5 53. Kb5 Bxd4 54. Kxa5 Bg1 55. Kb4 e3 56. Be5 Bf2 57. h5 gxh5 0-1

[Event "Quebec-ch Senior"]
[Site "Montreal"]
[Date "2016.04.23"]
[Round "3.10"]
[White "Bedard, Michel"]
[Black "Sonn, Eric"]
[Result "0-1"]
[WhiteElo "1556"]
[BlackElo "1513"]
[PlyCount "130"]
[EventDate "2016.04.22"]
[EventType "swiss"]
[EventRounds "5"]
[EventCountry "CAN"]
[SourceTitle "EXT 2022"]
[Source "ChessBase"]
[SourceDate "2021.10.06"]
[SourceVersion "1"]
[SourceVersionDate "2021.10.06"]
[SourceQuality "1"]

1. d4 Nf6 2. c4 g6 3. Nc3 Bg7 4. e4 d6 5. Nf3 0-0 6. h3 e5 7. dxe5 dxe5 8. Bg5 Qe8 9. Bxf6 Bxf6 10. Nd5 Bd8 11. Qc2 c6 12. Nc3 Nd7 13. 0-0-0 a6 14. h4 b5 15. h5 b4 16. Ne2 Nc5 17. hxg6 fxg6 18. Ng3 b3 19. axb3 Rb8 20. Rd3 Nxd3+ 21. Bxd3 Bf6 22. c5 Be6 23. Bc4 Bxc4 24. Qxc4+ Qf7 25. Kc2 Qxc4+ 26. bxc4 Rb4 27. b3 Rfb8 28. Rb1 a5 29. Ne2 a4 30. Nc1 Bg7 31. Ne1 axb3+ 32. Kc3 b2 33. Ncd3 Rb3+ 34. Kc2 Kf7 35. Rxb2 Rxb2+ 36. Nxb2 Ke6 37. Nbd3 g5 38. Nf3 h6 39. Nd2 g4 40. Kc3 Bf6 41. Nb4 Kd7 42. Nb3 Ra8 43. Nc2 h5 44. Ne3 Bg5 45. Nc2 Rf8 46. Ne1 Rxf2 47. Nd3 Rxg2 48. Nxe5+ Kc7 49. Nf7 Be7 50. Nd4 Bxc5 51. Ne6+ Kb6 52. Ne5 Rg3+ 53. Kd2 Ba3 54. Nd7+ Kb7 55. Ke2 Be7 56. Kf2 Ra3 57. Ne5 Bh4+ 58. Kg2 Ra2+ 59. Kh1 Be7 60. Nd3 h4 61. Nef4 h3 62. e5 Bh4 63. Nc5+ Kc8 64. Ne4 Kd8 65. c5 Ra4 0-1

[Event "Quebec-ch Senior"]
[Site "Montreal"]
[Date "2014.02.09"]
[Round "4"]
[White "Bedard, Michel"]
[Black "Nakhamtchin, Roman"]
[Result "1-0"]
[WhiteElo "1548"]
[BlackElo "1399"]
[PlyCount "67"]
[EventDate "2014.02.07"]
[EventType "swiss"]
[EventRounds "5"]
[EventCountry "CAN"]
[SourceTitle "EXT 2022"]
[Source "ChessBase"]
[SourceDate "2021.10.06"]
[SourceVersion "1"]
[SourceVersionDate "2021.10.06"]
[SourceQuality "1"]

1. d4 Nf6 2. c4 e6 3. Nf3 c5 4. Nc3 cxd4 5. Nxd4 Bb4 6. Bd2 0-0 7. e3 e5 8. Nc2 Bxc3 9. Bxc3 Re8 10. Nb4 b6 11. Qf3 e4 12. Bxf6 exf3 13. Bxd8 Rxd8 14. gxf3 Bb7 15. Nd5 Bxd5 16. cxd5 Rc8 17. Kd2 d6 18. Bh3 Rc5 19. e4 Na6 20. a3 Re8 21. b4 Rc7 22. Rac1 Ree7 23. Kd3 f6 24. Rc6 Rxc6 25. dxc6 Nc7 26. a4 Na6 27. Kc4 Nc7 28. b5 Re5 29. Rd1 Rc5+ 30. Kb4 a5+ 31. Kb3 d5 32. exd5 Kf8 33. d6 Rd5 34. dxc7 1-0

[Event "Quebec-ch Senior"]
[Site "Montreal"]
[Date "2014.02.08"]
[Round "2"]
[White "Bedard, Michel"]
[Black "Lacroix, Serge"]
[Result "0-1"]
[WhiteElo "1548"]
[BlackElo "1773"]
[PlyCount "74"]
[EventDate "2014.02.07"]
[EventType "swiss"]
[EventRounds "5"]
[EventCountry "CAN"]
[SourceTitle "EXT 2022"]
[Source "ChessBase"]
[SourceDate "2021.10.06"]
[SourceVersion "1"]
[SourceVersionDate "2021.10.06"]
[SourceQuality "1"]

1. d4 d5 2. c4 e5 3. dxe5 d4 4. g3 Nc6 5. Nf3 Nge7 6. Bg2 Ng6 7. 0-0 Ngxe5 8. Nxe5 Nxe5 9. b3 Bc5 10. Ba3 Bxa3 11. Nxa3 0-0 12. Nc2 c5 13. Ne1 Qe7 14. Nd3 Rb8 15. Nf4 Be6 16. Nd5 Qd6 17. f4 Ng4 18. h3 Bxd5 19. hxg4 Bxg2 20. Kxg2 Rfe8 21. Rf3 Qe6 22. Kf2 Qxg4 23. Qd3 Re7 24. Rh1 f5 25. Rh4 Qg6 26. g4 Rbe8 27. g5 Rxe2+ 28. Qxe2 Rxe2+ 29. Kxe2 Qe6+ 30. Kd2 Qe4 31. Rfh3 Qg2+ 32. Kc1 Qf1+ 33. Kd2 a6 34. Rh2 b5 35. Re2 bxc4 36. bxc4 Qf3 37. g6 hxg6 0-1

[Event "Quebec-ch Senior"]
[Site "Montreal"]
[Date "2014.02.08"]
[Round "3"]
[White "Grandmaison, Real"]
[Black "Bedard, Michel"]
[Result "0-1"]
[WhiteElo "1186"]
[BlackElo "1548"]
[PlyCount "136"]
[EventDate "2014.02.07"]
[EventType "swiss"]
[EventRounds "5"]
[EventCountry "CAN"]
[SourceTitle "EXT 2022"]
[Source "ChessBase"]
[SourceDate "2021.10.06"]
[SourceVersion "1"]
[SourceVersionDate "2021.10.06"]
[SourceQuality "1"]

1. d4 d5 2. Nf3 Nf6 3. e3 Bg4 4. Be2 e6 5. Nc3 a6 6. Bd2 Nbd7 7. 0-0 Bd6 8. h3 Bf5 9. g4 Bg6 10. Bd3 Ne4 11. Bxe4 dxe4 12. Nh2 h5 13. f4 hxg4 14. Qxg4 Nf6 15. Qg2 Bf5 16. Ng4 Qe7 17. Kf2 Nxg4+ 18. hxg4 Qh4+ 19. Qg3 Qh2+ 20. Qxh2 Rxh2+ 21. Kg3 Rxd2 22. gxf5 exf5 23. Rf2 Rxf2 24. Kxf2 0-0-0 25. Rh1 Be7 26. Rh7 Bf6 27. Rh1 c6 28. Na4 Kc7 29. c4 b5 30. cxb5 axb5 31. Nc3 Ra8 32. a3 Kb6 33. Rc1 Rh8 34. b4 Rh2+ 35. Kg3 Rd2 36. a4 Rd3 37. a5+ Kb7 38. Kf2 Rd2+ 39. Ke1 Rb2 40. d5 Bxc3+ 41. Rxc3 cxd5 42. Rc5 Rxb4 43. Rxd5 g6 44. Rd7+ Ka6 45. Rxf7 Kxa5 46. Rg7 Rc4 47. Rxg6 Rc5 48. Re6 Kb4 49. Re5 Rxe5 50. fxe5 Kc5 51. Kd2 Kd5 52. Kc3 Kxe5 53. Kb4 f4 54. exf4+ Kxf4 55. Kxb5 Kf3 56. Kc4 e3 57. Kd3 Kf2 58. Kd4 e2 59. Kd3 e1Q 60. Kd4 Kf3 61. Kd5 Kf4 62. Kd6 Kf5 63. Kd7 Kf6 64. Kd8 Qe7+ 65. Kc8 Ke6 66. Kb8 Kd6 67. Ka8 Kc6 68. Kb8 Qb7# 0-1

[Event "Quebec-ch Senior"]
[Site "Montreal"]
[Date "2014.02.07"]
[Round "1"]
[White "Dubois, Lorraine"]
[Black "Bedard, Michel"]
[Result "0-1"]
[WhiteElo "1060"]
[BlackElo "1548"]
[PlyCount "74"]
[EventDate "2014.02.07"]
[EventType "swiss"]
[EventRounds "5"]
[EventCountry "CAN"]
[SourceTitle "EXT 2022"]
[Source "ChessBase"]
[SourceDate "2021.10.06"]
[SourceVersion "1"]
[SourceVersionDate "2021.10.06"]
[SourceQuality "1"]

1. d4 d5 2. c4 c6 3. Nf3 Nf6 4. Nc3 a6 5. a4 e6 6. Bg5 Nbd7 7. e4 Qa5 8. Bd2 Qc7 9. cxd5 cxd5 10. Bd3 dxe4 11. Nxe4 Be7 12. 0-0 b6 13. Rc1 Qb8 14. Rc2 Bb7 15. Re1 0-0 16. Qc1 Nd5 17. Neg5 N7f6 18. Ne5 h6 19. Ngxf7 Rxf7 20. Nxf7 Kxf7 21. Qd1 Bd6 22. g3 h5 23. Bg5 g6 24. Qe2 Qe8 25. Qf3 Rb8 26. Rce2 Nf4 27. Qe3 Qc6 28. f3 Nxe2+ 29. Rxe2 Re8 30. Rc2 Qxa4 31. Bh4 Qa5 32. Qh6 Rg8 33. f4 Qe1+ 34. Bf1 Qe4 35. Rg2 Qxd4+ 36. Rf2 Ng4 37. Qh7+ Rg7 0-1

[Event "Montreal Pere Noel U1800"]
[Site "Montreal"]
[Date "2013.12.26"]
[Round "1"]
[White "Alcantara, Maximo Jr"]
[Black "Bedard, Michel"]
[Result "1/2-1/2"]
[WhiteElo "1656"]
[BlackElo "1549"]
[PlyCount "63"]
[EventDate "2013.12.26"]
[EventType "swiss"]
[EventRounds "5"]
[EventCountry "CAN"]
[SourceTitle "EXT 2022"]
[Source "ChessBase"]
[SourceDate "2021.10.06"]
[SourceVersion "1"]
[SourceVersionDate "2021.10.06"]
[SourceQuality "1"]

1. d4 d5 2. Bf4 Bf5 3. e3 e6 4. Nf3 Nf6 5. Nbd2 Nbd7 6. c4 c5 7. Qa4 Be7 8. cxd5 Nxd5 9. Bg3 N5b6 10. Qb3 cxd4 11. Nxd4 Bg6 12. Be2 0-0 13. 0-0 Nc5 14. Qd1 Nd5 15. Rc1 a6 16. N2b3 Rc8 17. Nxc5 Rxc5 18. Nb3 Rxc1 19. Nxc1 Qb6 20. Qb3 Qxb3 21. Nxb3 Rc8 22. Rc1 Rxc1+ 23. Nxc1 Bf6 24. b3 Be7 25. a4 Ba3 26. Nd3 Nc3 27. Kf1 Kf8 28. Ke1 Ke7 29. Kd2 Ne4+ 30. Kc2 Nxg3 31. hxg3 Bxd3+ 32. Bxd3 1/2-1/2

[Event "Montreal Pere Noel U1800"]
[Site "Montreal"]
[Date "2012.12.27"]
[Round "2.22"]
[White "Saine, Zachary"]
[Black "Bedard, Michel"]
[Result "1-0"]
[WhiteElo "1477"]
[BlackElo "1640"]
[PlyCount "90"]
[EventDate "2012.12.26"]
[EventType "swiss"]
[EventRounds "5"]
[EventCountry "CAN"]
[SourceTitle "EXT 2022"]
[Source "ChessBase"]
[SourceDate "2021.10.06"]
[SourceVersion "1"]
[SourceVersionDate "2021.10.06"]
[SourceQuality "1"]

1. e4 e5 2. Nf3 Nf6 3. Nxe5 d6 4. Nf3 Nxe4 5. d4 d5 6. Bd3 Be7 7. Ne5 Nd7 8. Bxe4 dxe4 9. f4 exf3 10. Nxf3 0-0 11. 0-0 Nb6 12. b3 Bg4 13. Qd3 c5 14. Bb2 Bf6 15. Nbd2 g6 16. Rae1 Bf5 17. Ne4 Bg7 18. Ba3 Re8 19. Bxc5 Nd7 20. Ba3 Nf6 21. Nxf6+ Bxf6 22. Qd2 Be4 23. c3 Rc8 24. Re3 Bg5 25. Nxg5 Qxg5 26. Qf2 f5 27. Qg3 Qxg3 28. hxg3 Re6 29. c4 Ra6 30. Bc5 Rxa2 31. Rf2 Ra1+ 32. Rf1 Ra2 33. Rf2 Ra1+ 34. Kh2 b6 35. Bd6 Rd8 36. Be5 Re8 37. g4 Rf8 38. d5 Rd1 39. gxf5 Rxf5 40. Rxf5 Bxf5 41. Bb8 Kf7 42. Bxa7 b5 43. Kg3 bxc4 44. bxc4 Rd3 45. Kf4 Rd4+ 1-0

[Event "Quebec op U1700"]
[Site "Montreal"]
[Date "2012.07.26"]
[Round "7"]
[White "Bedard, Michel"]
[Black "Saine, Zachary"]
[Result "1/2-1/2"]
[WhiteElo "1611"]
[BlackElo "1408"]
[PlyCount "90"]
[EventDate "2012.07.21"]
[EventType "swiss"]
[EventRounds "9"]
[EventCountry "CAN"]
[SourceTitle "EXT 2022"]
[Source "ChessBase"]
[SourceDate "2021.10.06"]
[SourceVersion "1"]
[SourceVersionDate "2021.10.06"]
[SourceQuality "1"]

1. d4 d5 2. c4 e6 3. Nf3 c6 4. cxd5 exd5 5. Nc3 Be7 6. Qc2 Bg4 7. Ne5 Bh5 8. Qf5 Nf6 9. Bg5 Nbd7 10. Nxd7 Qxd7 11. Qe5 Bg6 12. Bxf6 gxf6 13. Qe3 0-0-0 14. Qd2 Rhg8 15. e3 Rde8 16. a3 f5 17. g3 f4 18. gxf4 Qg4 19. Ne2 Qf3 20. Ng3 Bh4 21. Rg1 Qxf4 22. Be2 Qd6 23. Rc1 Bd8 24. b4 Re7 25. b5 Rc7 26. bxc6 Rxc6 27. Rxc6+ bxc6 28. Ba6+ Kd7 29. Qc1 Ba5+ 30. Ke2 Rb8 31. Bd3 Bxd3+ 32. Kxd3 Rb3+ 33. Ke2 Rxa3 34. Qb2 Qb4 35. Qc2 Qc3 36. Qf5+ Kc7 37. Qe5+ Kb6 38. Qb8+ Ka6 39. Qc8+ Kb5 40. Rb1+ Ka4 41. Kf3 Rb3 42. Ne2 Qc2 43. Rc1 Qe4+ 44. Kg3 Qg6+ 45. Kf4 Qf6+ 1/2-1/2

[Event "Montreal Varennes U1800 op"]
[Site "Montreal"]
[Date "2011.11.06"]
[Round "5"]
[White "Bedard, Michel"]
[Black "Cusson, Michel"]
[Result "1-0"]
[WhiteElo "1728"]
[BlackElo "1521"]
[PlyCount "81"]
[EventDate "2011.11.04"]
[EventType "swiss"]
[EventRounds "5"]
[EventCountry "CAN"]
[SourceTitle "EXT 2022"]
[Source "ChessBase"]
[SourceDate "2021.10.06"]
[SourceVersion "1"]
[SourceVersionDate "2021.10.06"]
[SourceQuality "1"]

1. c4 Nf6 2. Nc3 g6 3. g3 Bg7 4. Bg2 0-0 5. d4 e6 6. e4 d6 7. Nf3 b6 8. 0-0 Bb7 9. Re1 Re8 10. Qc2 e5 11. dxe5 dxe5 12. Bg5 Nc6 13. Rad1 Nd4 14. Nxd4 exd4 15. Nd5 h6 16. Nxf6+ Bxf6 17. Bxf6 Qxf6 18. e5 Rxe5 19. Bxb7 Rae8 20. Rxe5 Rxe5 21. Bg2 c5 22. Qd2 Kg7 23. Re1 Rxe1+ 24. Qxe1 Qe6 25. Qxe6 fxe6 26. Kf1 Kf6 27. Ke2 g5 28. Kd3 Kf5 29. h3 h5 30. Bf3 h4 31. a3 Ke5 32. Bg4 Kf6 33. gxh4 gxh4 34. Ke4 a6 35. a4 a5 36. f4 Ke7 37. Ke5 d3 38. Bxe6 Kd8 39. Kf6 Ke8 40. Kg7 Ke7 41. Bg4 1-0

[Event "Montreal Transcontinental 3-B"]
[Site "Montreal"]
[Date "2010.10.24"]
[Round "5"]
[White "Bedard, Michel"]
[Black "Gauthier, Luc"]
[Result "1/2-1/2"]
[WhiteElo "1664"]
[BlackElo "1840"]
[PlyCount "87"]
[EventDate "2010.10.22"]
[EventType "tourn"]
[EventRounds "5"]
[EventCountry "CAN"]
[SourceTitle "EXT 2013"]
[Source "ChessBase"]
[SourceDate "2012.11.22"]
[SourceVersion "1"]
[SourceVersionDate "2012.11.22"]
[SourceQuality "1"]

1. d4 d5 2. c4 e5 3. dxe5 d4 4. g3 Nc6 5. Nf3 Nge7 6. Bg5 h6 7. Bxe7 Bxe7 8. Bg2 Bf5 9. a3 Qd7 10. h3 0-0 11. Nbd2 Rfd8 12. Rc1 a5 13. c5 Qe6 14. Qb3 Qg6 15. 0-0 Rab8 16. Qa4 Qe6 17. Kh2 g5 18. Nb3 Qd7 19. Rfd1 Nxe5 20. Qxd7 Nxf3+ 21. Bxf3 Rxd7 22. Rxd4 Bf6 23. Rxd7 Bxd7 24. Rb1 b6 25. c6 Be6 26. Nd2 Ba2 27. Rc1 Be6 28. Rc2 Rd8 29. Ne4 Be5 30. Nd2 a4 31. Nc4 Bxc4 32. Rxc4 Bxb2 33. Rxa4 Be5 34. Kg2 Kf8 35. Bg4 Rd4 36. Ra8+ Ke7 37. Bd7 Rd2 38. e3 Ra2 39. a4 Kd6 40. Be8 Ke7 41. Kf3 b5 42. Bd7 Rxa4 43. Rb8 b4 44. Re8+ 1/2-1/2

[Event "Quebec-ch qual U1600"]
[Site "Montreal"]
[Date "2005.10.09"]
[Round "3"]
[White "Grenier, Marcel Jr"]
[Black "Bedard, Michel"]
[Result "1-0"]
[WhiteElo "1404"]
[BlackElo "1561"]
[PlyCount "113"]
[EventDate "2005.10.08"]
[EventType "swiss"]
[EventRounds "3"]
[EventCountry "CAN"]
[SourceTitle "EXT 2009"]
[Source "ChessBase"]
[SourceDate "2008.11.26"]
[SourceVersion "1"]
[SourceVersionDate "2008.11.26"]
[SourceQuality "1"]

1. e4 e5 2. Nf3 Nf6 3. Nxe5 d6 4. Nf3 Nxe4 5. Qe2 Qe7 6. d3 Nf6 7. Qxe7+ Bxe7 8. Bg5 h6 9. Be3 Nc6 10. a3 Ng4 11. Nc3 Nxe3 12. fxe3 Be6 13. d4 d5 14. Bb5 0-0 15. b4 a5 16. Bxc6 bxc6 17. bxa5 Rxa5 18. a4 Bb4 19. Kd2 f6 20. Rhb1 Rb8 21. h3 Kh7 22. Kd3 Bxc3 23. Kxc3 Rxb1 24. Rxb1 Rxa4 25. Rb7 Bf5 26. Kd2 Be4 27. Rxc7 Ra6 28. Ne1 h5 29. g3 Kh6 30. h4 g5 31. Nd3 Bxd3 32. Kxd3 Kg6 33. e4 Ra3+ 34. c3 dxe4+ 35. Kc4 Ra4+ 36. Kc5 Ra3 37. Kb4 Ra6 38. c4 Kf5 39. c5 Ke6 40. Kc4 Ra4+ 41. Kc3 Ra3+ 42. Kc4 e3 43. Rxc6+ Kd7 44. d5 e2 45. Re6 Rxg3 46. c6+ Kc7 47. Rxe2 gxh4 48. Re7+ Kb8 49. d6 h3 50. Re8+ Ka7 51. d7 h2 52. d8Q Rg4+ 53. Kd3 Rg3+ 54. Ke2 Rg2+ 55. Kf3 Ra2 56. Qb8+ Ka6 57. Qb7+ 1-0

[Event "Montreal Lawson Memorial"]
[Site "Montreal"]
[Date "2002.12.21"]
[Round "2"]
[White "Rozybakiyev, Rasul"]
[Black "Bedard, Michel"]
[Result "1-0"]
[WhiteElo "1456"]
[BlackElo "1553"]
[PlyCount "87"]
[EventDate "2002.12.20"]
[EventType "swiss"]
[EventRounds "4"]
[EventCountry "CAN"]
[SourceTitle "EXT 2006"]
[Source "ChessBase"]
[SourceDate "2005.11.24"]
[SourceVersion "1"]
[SourceVersionDate "2005.11.24"]
[SourceQuality "1"]

1. e4 e5 2. Nf3 Nf6 3. Nxe5 d6 4. Nf3 Nxe4 5. d3 Nf6 6. Nc3 Nc6 7. Bf4 Be7 8. Be2 Bd7 9. 0-0 h6 10. Qd2 Bf5 11. d4 Nb4 12. Rac1 Qd7 13. a3 Nbd5 14. Nxd5 Nxd5 15. Bg3 g5 16. c4 Nf6 17. Bd3 Nh5 18. d5 Nxg3 19. fxg3 Bxd3 20. Qxd3 0-0-0 21. Nd4 Rdf8 22. b4 Qd8 23. Qf5+ Kb8 24. c5 Rhg8 25. c6 b6 26. a4 Rg6 27. a5 Bf6 28. Qd3 Bxd4+ 29. Qxd4 b5 30. a6 Ka8 31. Ra1 f5 32. Qd3 Qf6 33. Ra5 Rgg8 34. Rxb5 Qe5 35. Qd2 Rb8 36. Rb7 Rxb7 37. axb7+ Kb8 38. Re1 Qh8 39. b5 Re8 40. h3 Re5 41. Kh2 Qe8 42. Ra1 Re2 43. Qd4 Qe3 44. Qh8+ 1-0

[Event "Montreal Lawson Memorial"]
[Site "Montreal"]
[Date "2002.12.20"]
[Round "1"]
[White "Bedard, Michel"]
[Black "Asselin, John"]
[Result "1/2-1/2"]
[WhiteElo "1553"]
[BlackElo "1233"]
[PlyCount "145"]
[EventDate "2002.12.20"]
[EventType "swiss"]
[EventRounds "4"]
[EventCountry "CAN"]
[SourceTitle "EXT 2006"]
[Source "ChessBase"]
[SourceDate "2005.11.24"]
[SourceVersion "1"]
[SourceVersionDate "2005.11.24"]
[SourceQuality "1"]

1. d4 Nf6 2. c4 g6 3. Nc3 Bg7 4. e4 d6 5. Nf3 0-0 6. Be2 Nbd7 7. h3 c5 8. Be3 a6 9. Qd2 b6 10. g4 cxd4 11. Nxd4 Bb7 12. f3 Rc8 13. h4 Ne5 14. b3 Nc6 15. h5 Nxd4 16. Bxd4 Qc7 17. hxg6 fxg6 18. Rc1 d5 19. exd5 e6 20. Be3 exd5 21. Nxd5 Nxd5 22. cxd5 Bc3 23. Rxc3 Qxc3 24. d6 Qxd2+ 25. Kxd2 b5 26. a4 Bxf3 27. Rd1 Bxe2 28. Kxe2 Rf7 29. Bg5 Rd7 30. Be7 bxa4 31. bxa4 Rc4 32. Kf3 Rxa4 33. Rc1 Rb4 34. Rc8+ Kg7 35. Ra8 Rb6 36. g5 Rdxd6 37. Bxd6 Rxd6 38. Ra7+ Kg8 39. Ke4 Rb6 40. Ra8+ Kf7 41. Ra7+ Ke6 42. Rxh7 Rb4+ 43. Kf3 Kf5 44. Rc7 Rb5 45. Rc3 Kxg5 46. Ra3 a5 47. Kg3 Kh5 48. Kh3 g5 49. Kg3 Rf5 50. Ra4 g4 51. Ra1 Kg5 52. Ra4 Kh5 53. Ra1 Rg5 54. Ra4 Kg6 55. Ra1 Kh5 56. Ra4 Rb5 57. Ra3 Rc5 58. Ra4 Rc3+ 59. Kg2 Kh4 60. Rxa5 Rc2+ 61. Kg1 Kh3 62. Ra3+ Kh4 63. Ra4 Kg5 64. Ra5+ Kf4 65. Ra4+ Kf3 66. Ra3+ Kf4 67. Ra4+ Kg5 68. Ra5+ Kh4 69. Ra4 Re2 70. Rb4 Kh3 71. Rb3+ g3 72. Rb1 Rf2 73. Rb8 1/2-1/2